000 005190000a22001810004500
003 MACL
005 20160403153255.0
008 160403b xxu||||| |||| 00| 0 eng d
040 _aMACL
_cMACL
041 _aHindi
082 _a370
100 _aसुरेन्‍द्र नाथ वर्मा
_950357
245 _aअंक यात्रा
260 _bजनवाणी प्रकाशन
_c2001
_aदिल्‍ली
350 _a100
650 _aEducation
_950358
942 _cHIN
_k370
_2ddc
999 _c9764
_d9764